LEADER 01189nam 22003973 450 001 9910132997403321 005 20001124000000.0 010 $a88-420-6225-1 035 $a(CKB)3400000000017249 035 $a(ItFiC)it 02414486 035 $a(EXLCZ)993400000000017249 100 $a20101102g20019999 uy 0 101 0 $aita 200 00$aPer una storia del Consiglio nazionale delle ricerche /$fa cura di Raffaella Simili, Giovanni Paoloni 205 $a1. ed. 210 $aRoma [etc.] $cGLF editori Laterza$d2001-2001 215 $av. ;$d21 cm 225 0$aStoria delle istituzioni scientifiche in Italia e in Europa 225 0$aPercorsi ;$v21 300 $aCollected essays. 300 $aWork now complete. 320 $aIncludes bibliographical references. 327 $a2. - 2001. - x, 675 p. 517 $aPer una storia del Consiglio nazionale delle ricerche 676 $a001 676 $a353 676 $a609 676 $a509 676 $a065 676 $a945 801 0$bItFiC 801 1$bItFiC 906 $aBOOK 912 $a9910132997403321 996 $aPer una storia del Consiglio Nazionale delle Ricerche$9700992 997 $aUNINA LEADER 01247nam a2200289 i 4500 001 991000991699707536 005 20020507181238.0 008 961009s1975 us ||| | eng 035 $ab10786053-39ule_inst 035 $aLE01305411$9ExL 040 $aDip.to Matematica$beng 082 0 $a515.353 084 $aAMS 35R25 100 1 $aPayne, Lawrence Edward$041516 245 10$aImproperly posed problems in partial differential equations /$cL. E. Payne 260 $aPhiladelphia :$bSIAM (Society for Industrial and Applied Mathematics),$cc1975 300 $av, 76 p. ;$c25 cm. 490 0 $aCBMS-NSF Regional conference series in applied mathematics ;$v22 500 $aBibliography: p. 62-76. 500 $aLectures presented at a Summer regional conference held at the University of New Mexico in May 1974 650 4$aPartial differential equations-improperly posed problems 907 $a.b10786053$b23-02-17$c28-06-02 912 $a991000991699707536 945 $aLE013 35R PAY11 (1975)$g1$i2013000069692$lle013$o-$pE0.00$q-$rl$s- $t0$u0$v0$w0$x0$y.i10886254$z28-06-02 996 $aImproperly posed problems in partial differential equations$9380126 997 $aUNISALENTO 998 $ale013$b01-01-96$cm$da $e-$feng$gus $h0$i1